000 00630nam a2200217 4500
003 OSt
005 20240729052837.0
006 a
008 240729b |||||||| |||| 00| 0 eng d
020 _a9789710455813
040 _aDWCL-Main lib.
_cOC
082 _aFil. 700 In61 2010
100 _aLucivilla L. Marcos
245 _aIntroduction to humanities : visual and performing arts /
260 _aManila :
_bMindshapers Co. , Inc. ,
_cc2010.
300 _ax,
_b178 p. : ill. ;
_c22 cm.
504 _aInclude bibliographical references.
650 _a1. Arts.
650 _a2. Humanities.
942 _2ddc
_n0
_cBK - FIL
_kFil.
999 _c2899
_d2899